Statistiken für Top 15 Länder mit Covid-19-Todesfällen - 31. Januar

Klicken Sie hier um das Quiz zu spielen!

Allgemein

  • Dieses Quiz wurde 22 mal gespielt
  • Das Durchschnittsergebnis liegt bei 16 aus 24

Antwortstatistiken

Land% Korrekt
Brasilien
100%
Deutschland
100%
Spanien
100%
Vereinigtes Königreich
100%
Vereinigte Staaten
100%
Italien
95%
Frankreich
90%
Russland
90%
Portugal
85%
Indien
80%
Mexiko
80%
Argentinien
75%
Iran
60%
Tschechien
60%
Belgien
50%
Kolumbien
50%
Kroatien
50%
Peru
50%
Südafrika
50%
Slowenien
45%
Ungarn
40%
Bulgarien
30%
Bosnien und
Herzegowina
20%
Nordmazedonien
10%

Verteilung der Resultate

Perzentil nach korrekt beantworteten Fragen

Anzahl Personen mit jedem Resultat

Ihre Resultats-Entwicklung

Sie haben dieses Quiz noch nicht gespielt